Panchayat in modern India: Documents and cases since 1800 (Record no. 395226)

MARC details
000 -LEADER
fixed length control field 00559 a2200205 4500
005 - DATE & TIME
control field 20260417111837.0
008 - FIXED-LENGTH DATA ELEMENTS--GENERAL INFORMATION
fixed length control field 260416b |||||||| |||| 00| 0 eng d
020 ## - ISBN
International Standard Book Number 9789369737925
Price Rs. 1855.00
040 ## - CATALOGING SOURCE
Original cataloging agency VIVEKANANDA LIBRARY
082 ## - DDC NUMBER
Classification number 320.80954
Book Number J18P
100 ## - MAIN ENTRY--PERSONAL NAME
Personal name Jaffe, James
245 ## - TITLE STATEMENT
Title Panchayat in modern India: Documents and cases since 1800
260 ## - PUBLICATION, DISTRIBUTION, ETC. (IMPRINT)
Name of publisher, distributor, etc Orient Blackswan
Date of publication, distribution, etc 2025
Place of publication, distribution, etc Telangana
300 ## - PHYSICAL DESCRIPTION
Pages xix, 426
650 ## - Subject
Subject Political Science
650 ## - Subject
Subject Panchayats
650 ## - Subject
Subject Politics of India
700 ## - Added Entry Personal Name
Added Entry Personal Name Galanter, Mare
942 ## - ADDED ENTRY ELEMENTS (KOHA)
Koha item type Books
Holdings
Withdrawn status Lost status Source of classification or shelving scheme Damaged status Not for loan Location (home branch) Sublocation or collection (holding branch) Shelving location Date acquired Koha issues (times borrowed) Koha full call number Accession No. Koha date last seen Koha item type
    Dewey Decimal Classification     VIVEKANANDA LIBRARY VIVEKANANDA LIBRARY Vivekananda Library 05/03/2026   320.80954 J18P 438649 05/03/2026 Books
© Designed and Maintained by Vivekananda Library, MDU Rohtak